[Event "DC International 2014"]
[Site "Arlington, VA"]
[Date "2014.06.29"]
[Round "7"]
[White "Banik, Siddharth"]
[Black "Balasubramanian, Adithya"]
[Result "1-0"]
[WhiteElo "2036"]
[BlackElo "2320"]
[PlyCount "71"]
[EventDate "2014.06.??"]
[EventType "swiss"]
[EventRounds "9"]
[EventCountry "USA"]

1. e4 e5 2. Nf3 Nc6 3. Bb5 a6 4. Ba4 Nf6 5. d3 b5 6. Bb3 Be7 7. O-O O-O 8. a4
b4 9. a5 d6 10. Nbd2 Bg4 11. h3 Bh5 12. c3 d5 13. Qc2 dxe4 14. dxe4 bxc3 15.
bxc3 Bd6 16. Nh4 Bc5 17. Nc4 Nd7 18. Nf5 Qf6 19. Be3 Rfe8 20. Ba4 Re6 21. Qd2
Bxe3 22. Ncxe3 Ndb8 23. Rab1 Kh8 24. Nc4 Re8 25. Nfe3 Qe6 26. Nd5 Rc8 27. f3 f6
28. Rb7 Ra7 29. Rfb1 Rxb7 30. Rxb7 Qg8 31. Qe3 Be8 32. Qc5 Nd7 33. Qa3 Ndb8 34.
Rxc7 Rxc7 35. Nxc7 Qxc4 36. Bb3 1-0

[Event "DC International 2014"]
[Site "Arlington, VA"]
[Date "2014.06.29"]
[Round "7"]
[White "Nieto, Guillermo"]
[Black "Gautam, Yogesh"]
[Result "0-1"]
[WhiteElo "1982"]
[BlackElo "2101"]
[PlyCount "32"]
[EventDate "2014.06.??"]
[EventType "swiss"]
[EventRounds "9"]
[EventCountry "USA"]

1. e4 e6 2. d4 d5 3. Nc3 Nf6 4. Bg5 Bb4 5. exd5 Qxd5 6. Bxf6 gxf6 7. Qd2 Bxc3
8. Qxc3 Nc6 9. Nf3 Rg8 10. Rg1 Rg4 11. Bd3 Nxd4 12. Nxd4 Qxd4 13. Qxc7 Qxb2 14.
Rd1 Bd7 15. Bxh7 Bc6 16. f3 Qc3+ 0-1

[Event "DC International 2014"]
[Site "Arlington, VA"]
[Date "2014.06.29"]
[Round "7"]
[White "Lastra, Ricardo"]
[Black "Chan, James"]
[Result "0-1"]
[WhiteElo "2060"]
[BlackElo "2023"]
[PlyCount "63"]
[EventDate "2014.06.??"]
[EventType "swiss"]
[EventRounds "9"]
[EventCountry "USA"]

1. Nf3 d5 2. c4 c6 3. b3 Nf6 4. g3 Bf5 5. Bg2 h6 6. Bb2 e6 7. O-O Bd6 8. d3 Bh7
9. Nbd2 Nbd7 10. Rc1 O-O 11. Re1 Re8 12. e4 dxe4 13. Nxe4 Bb4 14. Re2 Qe7 15.
Rcc2 Nxe4 16. dxe4 a5 17. Qa1 e5 18. Ne1 a4 19. Qc1 axb3 20. axb3 Nc5 21. Qe3
Red8 22. Bc3 Bxc3 23. Rxc3 Ra1 24. b4 Ne6 25. c5 Rdd1 26. Rd3 Rdb1 27. Qd2 Nd4
28. Ree3 Bg6 29. h3 f6 30. Kh2 Bf7 31. Rc3 Rd1 32. Qb2 0-1

[Event "DC International 2014"]
[Site "Arlington, VA"]
[Date "2014.06.29"]
[Round "7"]
[White "Helfst, Matt"]
[Black "Sherman, David"]
[Result "0-1"]
[WhiteElo "1951"]
[BlackElo "2084"]
[PlyCount "70"]
[EventDate "2014.06.??"]
[EventType "swiss"]
[EventRounds "9"]
[EventCountry "USA"]

1. c4 Nf6 2. Nf3 g6 3. g3 Bg7 4. Nc3 O-O 5. Bg2 d6 6. O-O Nbd7 7. d4 c6 8. e4
e5 9. dxe5 dxe5 10. Qe2 Qc7 11. h3 Re8 12. Be3 Bf8 13. a3 a5 14. Rfd1 a4 15.
Rac1 Nc5 16. Bxc5 Bxc5 17. Rc2 Nd7 18. Qd2 Bf8 19. h4 Nc5 20. Nh2 Nb3 21. Qe3
Rd8 22. Bf3 Be6 23. Rxd8 Qxd8 24. Na2 Bc5 25. Qe1 Qd4 26. Qc3 Rd8 27. Nf1 Bh3
28. Ne3 Qxc3 29. Rxc3 Rd2 30. Nc1 Bxe3 31. fxe3 Rxb2 32. Nxb3 Rxb3 33. Rxb3
axb3 34. Bd1 b2 35. Bc2 Be6 0-1

[Event "DC International 2014"]
[Site "Arlington, VA"]
[Date "2014.06.29"]
[Round "7"]
[White "Lopez, Jorge"]
[Black "Nguyen, Trung"]
[Result "1-0"]
[WhiteElo "2042"]
[BlackElo "1041"]
[PlyCount "101"]
[EventDate "2014.06.??"]
[EventType "swiss"]
[EventRounds "9"]
[EventCountry "USA"]

1. e4 c5 2. c3 Nf6 3. e5 Nd5 4. d4 cxd4 5. Nf3 Nc6 6. Bc4 Nb6 7. Bb3 e6 8. O-O
d6 9. cxd4 Be7 10. Nc3 O-O 11. Bf4 dxe5 12. dxe5 Nb4 13. Bg3 Bd7 14. a3 Na6 15.
Qe2 Nc5 16. Bc2 Bc6 17. Rad1 Nd5 18. Nxd5 Bxd5 19. b4 Nd7 20. Rfe1 Rc8 21. Bb1
Rc3 22. Rxd5 exd5 23. e6 fxe6 24. Qxe6+ Kh8 25. Qxe7 Qxe7 26. Rxe7 Rc1+ 27. Re1
Rfc8 28. Bf5 Rxe1+ 29. Nxe1 Rc1 30. Kf1 Nb6 31. Ke2 Nc4 32. Nc2 Rb1 33. Be6 Rb2
34. Kd3 Rb3+ 35. Kd4 Nxa3 36. Nxa3 Rxa3 37. Bxd5 b6 38. h4 a5 39. b5 Ra1 40. h5
Rh1 41. Bc7 Rh4+ 42. f4 a4 43. Bxb6 Rxf4+ 44. Kc3 a3 45. Kb3 Rf8 46. h6 a2 47.
Bd4 a1=N+ 48. Kb2 Rg8 49. Bxg7+ Rxg7 50. hxg7+ Kxg7 51. b6 1-0

[Event "DC International 2014"]
[Site "Arlington, VA"]
[Date "2014.06.29"]
[Round "7"]
[White "Beckman, Thomas"]
[Black "Dommalapati, Abhinay"]
[Result "0-1"]
[WhiteElo "1961"]
[BlackElo "1811"]
[PlyCount "58"]
[EventDate "2014.06.??"]
[EventType "swiss"]
[EventRounds "9"]
[EventCountry "USA"]

1. d4 e6 2. c4 d5 3. Nc3 Nf6 4. Nf3 Be7 5. Bf4 O-O 6. a3 c5 7. dxc5 Bxc5 8. e3
dxc4 9. Qc2 a6 10. Rd1 Qe7 11. Bxc4 Rd8 12. O-O b5 13. Rxd8+ Qxd8 14. Rd1 Qb6
15. b4 Be7 16. Ba2 Nbd7 17. Bb1 g6 18. e4 Bb7 19. Bg5 Bf8 20. e5 Nd5 21. Ne4 a5
22. Qb3 axb4 23. axb4 Bxb4 24. Be3 Bc5 25. Nxc5 Nxc5 26. Bxc5 Qxc5 27. Nd4 Nc3
28. Nxe6 Qxe5 29. Nd8 Bd5 0-1

[Event "DC International 2014"]
[Site "Arlington, VA"]
[Date "2014.06.29"]
[Round "8.1"]
[White "Barbosa, Oliver"]
[Black "Suarez, Isan"]
[Result "1/2-1/2"]
[WhiteElo "2592"]
[BlackElo "2588"]
[PlyCount "20"]
[EventDate "2014.06.??"]
[EventType "swiss"]
[EventRounds "9"]
[EventCountry "USA"]
[WhiteClock "1:39:55"]
[BlackClock "1:48:21"]

1. d4 Nf6 2. c4 e6 3. Nf3 b6 4. a3 Bb7 5. Nc3 g6 6. Bf4 Bg7 7. e3 O-O 8. h3 d6
9. Be2 Nbd7 10. O-O Qe7 1/2-1/2

[Event "DC International 2014"]
[Site "Arlington, VA"]
[Date "2014.06.29"]
[Round "8.2"]
[White "Gorovets, Andrey"]
[Black "Azarov, Sergei"]
[Result "0-1"]
[WhiteElo "2446"]
[BlackElo "2610"]
[PlyCount "90"]
[EventDate "2014.06.??"]
[EventType "swiss"]
[EventRounds "9"]
[EventCountry "USA"]
[WhiteClock "0:28:02"]
[BlackClock "0:27:29"]

1. d4 d5 2. c4 dxc4 3. Nf3 Nf6 4. e3 b5 5. a4 b4 6. Bxc4 e6 7. a5 a6 8. Nbd2
Bb7 9. Qa4+ Nbd7 10. Nb3 Bd6 11. Bd2 Rb8 12. Nc5 Bxc5 13. dxc5 Bxf3 14. gxf3
O-O 15. Bxb4 Ne5 16. Bc3 Nxf3+ 17. Ke2 Ne4 18. Kxf3 Qh4 19. Rhf1 Qh5+ 20. Kg2
Qg4+ 21. Kh1 Qf3+ 22. Kg1 Qg4+ 23. Kh1 Qf3+ 24. Kg1 Ng5 25. h3 Nxh3+ 26. Kh2
Ng5 27. Be2 Qxe2 28. Qd1 Qxd1 29. Raxd1 Ne4 30. Be5 Rfc8 31. Rg1 g6 32. c6 Rb5
33. f4 f6 34. Rd4 Rxb2+ 35. Rg2 Rxg2+ 36. Kxg2 fxe5 37. Rxe4 exf4 38. exf4 Rd8
39. Rxe6 Kf7 40. Re2 Rd5 41. Kf3 h5 42. Rc2 Kf6 43. Ke4 Rxa5 44. Kd4 h4 45. Rb2
h3 0-1

[Event "DC International 2014"]
[Site "Arlington, VA"]
[Date "2014.06.29"]
[Round "8.3"]
[White "Boros, Denes"]
[Black "Kannappan, Priyadharshan"]
[Result "1/2-1/2"]
[WhiteElo "2474"]
[BlackElo "2443"]
[PlyCount "24"]
[EventDate "2014.06.??"]
[EventType "swiss"]
[EventRounds "9"]
[EventCountry "USA"]
[WhiteClock "1:18:35"]
[BlackClock "1:15:11"]

1. c4 c5 2. Nf3 Nf6 3. b3 g6 4. g3 Bg7 5. Bb2 d6 6. Bg2 O-O 7. d4 Qa5+ 8. Bc3
Qc7 9. O-O cxd4 10. Nxd4 Nc6 11. Bb2 Bd7 12. Nc3 Rac8 1/2-1/2

[Event "DC International 2014"]
[Site "Arlington, VA"]
[Date "2014.06.29"]
[Round "8.4"]
[White "Perez, Yuniesky"]
[Black "Pressman, Leif"]
[Result "1-0"]
[WhiteElo "2642"]
[BlackElo "2281"]
[PlyCount "70"]
[EventDate "2014.06.??"]
[EventType "swiss"]
[EventRounds "9"]
[EventCountry "USA"]
[WhiteClock "0:15:47"]
[BlackClock "0:06:40"]

1. e4 e5 2. Nf3 d6 3. d4 exd4 4. Nxd4 Nf6 5. Nc3 Be7 6. Bf4 O-O 7. Qd2 d5 8.
Ndb5 Bb4 9. f3 Ba5 10. O-O-O a6 11. Na3 Be6 12. Nc4 c6 13. Nxa5 Qxa5 14. exd5
Nxd5 15. Nxd5 Qxd2+ 16. Rxd2 Bxd5 17. c4 Be6 18. Be2 a5 19. Rhd1 Na6 20. g4 h6
21. h4 Rfe8 22. h5 Rac8 23. Bd6 b5 24. cxb5 cxb5+ 25. Kb1 Bc4 26. Bxc4 bxc4 27.
Rd5 a4 28. Ra5 Rc6 29. Ba3 c3 30. bxc3 Rxc3 31. Bb2 Rb8 32. Rxa6 Rxf3 33. Ka1
Rf2 34. Bc1 f5 35. Rxa4 Rc8 1-0

[Event "DC International 2014"]
[Site "Arlington, VA"]
[Date "2014.06.29"]
[Round "8"]
[White "Kore, Akshayraj"]
[Black "Paragua, Mark"]
[Result "1-0"]
[WhiteElo "2482"]
[BlackElo "2510"]
[PlyCount "97"]
[EventDate "2014.06.??"]
[EventType "swiss"]
[EventRounds "9"]
[EventCountry "USA"]

1. e4 c5 2. Nf3 d6 3. Nc3 Nf6 4. d4 cxd4 5. Nxd4 a6 6. h3 e6 7. g4 d5 8. exd5
Nxd5 9. Nde2 Bb4 10. Bg2 O-O 11. Bd2 Nxc3 12. Bxc3 Bxc3+ 13. Nxc3 Qc7 14. Qf3
Nc6 15. O-O-O Bd7 16. h4 Rac8 17. h5 Nb4 18. Qe2 Qa5 19. Rxd7 Rxc3 20. bxc3
Nxa2+ 21. Kb2 Nxc3 22. Qc4 Na4+ 23. Kc1 Nb6 24. Qc7 Qa3+ 25. Kd1 Nxd7 26. Qxd7
Qa5 27. Ke2 Rd8 28. Qxb7 Rd2+ 29. Kf3 Qc3+ 30. Kf4 Rd4+ 31. Kg5 f5 32. f4 Qg3
33. Qf3 h6+ 34. Kg6 Qxf3 35. Bxf3 Rxf4 36. Rb1 Kf8 37. Bd1 fxg4 38. Rb8+ Ke7
39. Rb7+ Kf8 40. Rb8+ Ke7 41. Rb7+ Kf8 42. Rxg7 g3 43. Kxh6 Rf6+ 44. Kh7 Rf7
45. h6 g2 46. Bh5 Rf5 47. Be2 Rf2 48. Bxa6 Rxc2 49. Bb7 1-0

[Event "DC International 2014"]
[Site "Arlington, VA"]
[Date "2014.06.29"]
[Round "8"]
[White "Korley, Kassa"]
[Black "Kaufman, Lawrence"]
[Result "1-0"]
[WhiteElo "2412"]
[BlackElo "2329"]
[PlyCount "83"]
[EventDate "2014.06.??"]
[EventType "swiss"]
[EventRounds "9"]
[EventCountry "USA"]

1. Nf3 d5 2. g3 Nf6 3. Bg2 c6 4. O-O Bg4 5. c4 e6 6. Qb3 Qb6 7. d3 Nbd7 8. Be3
Bc5 9. Bxc5 Nxc5 10. Qa3 a5 11. Rc1 Nfd7 12. d4 Ne4 13. e3 Qb4 14. Ne1 Qxa3 15.
Nxa3 Bh5 16. Nd3 g5 17. cxd5 exd5 18. Bxe4 dxe4 19. Nc5 Nxc5 20. Rxc5 f6 21.
Nc4 Ke7 22. Nxa5 Bf7 23. Nxb7 Rhb8 24. Na5 Rxb2 25. Nxc6+ Kd6 26. a4 Bd5 27.
Ne7 Bb7 28. Nf5+ Ke6 29. g4 Rc8 30. Rac1 Rxc5 31. Rxc5 Kd7 32. a5 Ba6 33. Rd5+
Kc7 34. Ng3 Bd3 35. Rf5 Ra2 36. Rxf6 Rxa5 37. Rf7+ Kc6 38. Rxh7 Bc2 39. h4 Bd1
40. Nxe4 gxh4 41. Rxh4 Bf3 42. Nd2 1-0

[Event "DC International 2014"]
[Site "Arlington, VA"]
[Date "2014.06.29"]
[Round "8"]
[White "Vibbert, Sean"]
[Black "Nagle, Sean"]
[Result "1-0"]
[WhiteElo "2316"]
[BlackElo "2411"]
[PlyCount "93"]
[EventDate "2014.06.??"]
[EventType "swiss"]
[EventRounds "9"]
[EventCountry "USA"]

1. e4 g6 2. d4 Bg7 3. Nc3 d6 4. f4 Nf6 5. Nf3 c5 6. e5 Nfd7 7. exd6 cxd4 8. Nb5
O-O 9. Nc7 exd6 10. Nxa8 Nc6 11. Be2 Nc5 12. O-O Bf5 13. Ne1 d3 14. Bxd3 Nxd3
15. Nxd3 Qxa8 16. c3 d5 17. Ne5 Rd8 18. Be3 Be4 19. Bd4 Nxd4 20. cxd4 f6 21.
Nd3 b6 22. Rc1 Bf8 23. Qd2 Qb7 24. Rc3 Qd7 25. a3 Bd6 26. Nf2 Bf5 27. Re1 Qa4
28. Qe3 Bd7 29. Qf3 Be8 30. Qxd5+ Bf7 31. Qf3 Bf8 32. f5 g5 33. b4 Qd7 34. h4
h6 35. hxg5 hxg5 36. Rec1 Re8 37. Rc7 Qxc7 38. Rxc7 Re1+ 39. Kh2 Bd6+ 40. Kh3
Bxc7 41. Qc3 Re7 42. Ng4 Bf4 43. d5 Be5 44. Nxe5 Rxe5 45. d6 Rd5 46. Qc8+ Kg7
47. d7 1-0

[Event "DC International 2014"]
[Site "Arlington, VA"]
[Date "2014.06.29"]
[Round "8"]
[White "Liang, Awonder"]
[Black "Cheng, Bindi"]
[Result "1/2-1/2"]
[WhiteElo "2211"]
[BlackElo "2410"]
[PlyCount "76"]
[EventDate "2014.06.??"]
[EventType "swiss"]
[EventRounds "9"]
[EventCountry "USA"]

1. e4 c5 2. Nf3 d6 3. d4 cxd4 4. Nxd4 Nf6 5. Nc3 e6 6. Be3 a6 7. Be2 Be7 8. Qd2
Qc7 9. O-O-O O-O 10. f3 b5 11. a3 Nc6 12. g4 Nxd4 13. Bxd4 e5 14. Be3 Be6 15.
Bd3 Rfc8 16. g5 Nd7 17. h4 Nc5 18. h5 Rab8 19. Kb1 Qb7 20. Nd5 Bxd5 21. exd5 b4
22. Bxc5 Rxc5 23. axb4 Qxb4 24. Qxb4 Rxb4 25. g6 e4 26. gxh7+ Kh8 27. c3 Rxc3
28. Bxe4 Rc8 29. Rc1 Rf8 30. Rc7 Bf6 31. Rh2 Be5 32. Rhc2 f5 33. Rc8 Rxc8 34.
Rxc8+ Kxh7 35. Bxf5+ Kh6 36. Rc2 Kxh5 37. Ka2 Kg5 38. Be4 Kf4 1/2-1/2

[Event "DC International 2014"]
[Site "Arlington, VA"]
[Date "2014.06.29"]
[Round "8"]
[White "Ippolito, Dean"]
[Black "Aripov, Iskandar"]
[Result "0-1"]
[WhiteElo "2430"]
[BlackElo "2213"]
[PlyCount "63"]
[EventDate "2014.06.??"]
[EventType "swiss"]
[EventRounds "9"]
[EventCountry "USA"]

1. Nf3 c5 2. e3 g6 3. d4 Nf6 4. Be2 Bg7 5. O-O O-O 6. Nbd2 b6 7. b3 Bb7 8. Bb2
Nc6 9. Rc1 cxd4 10. exd4 d5 11. Ne5 Nxe5 12. dxe5 Ne4 13. f4 Qc7 14. Nxe4 dxe4
15. Qd4 Rfd8 16. Qe3 Rac8 17. Bc4 e6 18. Ba3 Qc6 19. Rfd1 b5 20. Bf1 Rxd1 21.
Rxd1 Qxc2 22. Rd7 Bc6 23. Rd2 Qb1 24. Rb2 Qa1 25. Rc2 h5 26. Qd2 Kh7 27. Rc1 e3
28. Rxa1 exd2 29. Rd1 Rd8 30. Bd6 f6 31. Be7 Rd4 32. exf6 0-1

[Event "DC International 2014"]
[Site "Arlington, VA"]
[Date "2014.06.29"]
[Round "8"]
[White "Li, Ruifeng"]
[Black "Lessler, Peter"]
[Result "1/2-1/2"]
[WhiteElo "2305"]
[BlackElo "2196"]
[PlyCount "109"]
[EventDate "2014.06.??"]
[EventType "swiss"]
[EventRounds "9"]
[EventCountry "USA"]

1. e4 e5 2. Nf3 Nc6 3. Bb5 a6 4. Ba4 Nf6 5. O-O Be7 6. Nc3 b5 7. Bb3 d6 8. a4
b4 9. Nd5 Na5 10. Ba2 Nxd5 11. Bxd5 c6 12. Ba2 O-O 13. d3 Rb8 14. Bd2 Be6 15.
Bxe6 fxe6 16. Qe2 c5 17. Be3 Nc6 18. c3 Bf6 19. Rfd1 Qb6 20. Nd2 Qc7 21. Nf3
Qb6 22. Nd2 Qc7 23. Rac1 Rb7 24. Nf3 Qb6 25. h3 Rfb8 26. Bg5 Qd8 27. Bxf6 Qxf6
28. Qe3 bxc3 29. bxc3 Rb3 30. Nd2 R3b7 31. Rb1 Qd8 32. Qe1 Na5 33. Rxb7 Rxb7
34. Rb1 Qb8 35. Rxb7 Qxb7 36. Qa1 Kf7 37. Qa2 Ke7 38. g3 Qb8 39. Kg2 Qb7 40. h4
Qb8 41. Qc2 Qb7 42. Kh2 Qb8 43. Kg1 Qb7 44. Kg2 Qb8 45. Qc1 h6 46. Qa3 Qb7 47.
Qa1 c4 48. Qd1 cxd3 49. Qg4 Kf7 50. Qf3+ Kg8 51. Qxd3 Qc6 52. f3 Nb7 53. Qb1
Kh7 54. Kh3 Nc5 55. a5 1/2-1/2

[Event "DC International 2014"]
[Site "Arlington, VA"]
[Date "2014.06.29"]
[Round "8"]
[White "Ramachandran, Karthik"]
[Black "Shetty, Atulya"]
[Result "0-1"]
[WhiteElo "2125"]
[BlackElo "2302"]
[PlyCount "78"]
[EventDate "2014.06.??"]
[EventType "swiss"]
[EventRounds "9"]
[EventCountry "USA"]

1. d4 d5 2. c4 c6 3. Nf3 Nf6 4. e3 a6 5. Bd3 g6 6. Nc3 Bg7 7. Qc2 O-O 8. O-O
Nbd7 9. cxd5 Nxd5 10. Nxd5 cxd5 11. Bd2 e5 12. dxe5 Nxe5 13. Nxe5 Bxe5 14. Bc3
d4 15. exd4 Bxd4 16. Bxg6 Bxc3 17. Bxh7+ Kg7 18. Qxc3+ Kxh7 19. Rad1 Qg5 20. f4
Qg6 21. Rd5 Rg8 22. Rg5 Qb6+ 23. Kh1 Rxg5 24. fxg5 Qg6 25. h4 Kg8 26. Rf6 Qg7
27. Qc7 Be6 28. Qxb7 Rc8 29. Qxa6 Qh7 30. Rh6 Qf5 31. Qd6 Bd5 32. Qg3 Bxg2+ 33.
Kxg2 Rc2+ 34. Kg1 Qc5+ 35. Kf1 Qc4+ 36. Kg1 Qd4+ 37. Kf1 Qd1+ 38. Qe1 Qf3+ 39.
Kg1 Qg2# 0-1

[Event "DC International 2014"]
[Site "Arlington, VA"]
[Date "2014.06.29"]
[Round "8"]
[White "Gulamali, Kazim"]
[Black "Dixon, Dakota"]
[Result "1-0"]
[WhiteElo "2300"]
[BlackElo "2055"]
[PlyCount "124"]
[EventDate "2014.06.??"]
[EventType "swiss"]
[EventRounds "9"]
[EventCountry "USA"]

1. e4 c5 2. d4 cxd4 3. c3 d3 4. c4 Nc6 5. Bxd3 g6 6. Nf3 Bg7 7. O-O d6 8. h3
Nf6 9. Nc3 O-O 10. Qe2 Bd7 11. Be3 Ne8 12. Rfd1 b6 13. Rac1 Nc7 14. Nd5 Rc8 15.
a3 Ne6 16. Bb1 f5 17. exf5 gxf5 18. Ng5 Ne5 19. Nxe6 Bxe6 20. f4 Bxd5 21. cxd5
Ng6 22. Ba2 Qd7 23. Rc6 Kh8 24. Rdc1 Rxc6 25. dxc6 Qc7 26. Qa6 Rb8 27. Bd5 Nf8
28. Qb7 Rc8 29. b4 e6 30. Bf3 Qxb7 31. cxb7 Rxc1+ 32. Bxc1 Bd4+ 33. Kf1 Nd7 34.
Ke2 Kg7 35. Kd3 Bg1 36. Bb2+ Kf7 37. g4 fxg4 38. hxg4 h6 39. g5 hxg5 40. Bh5+
Ke7 41. fxg5 e5 42. Ke4 b5 43. Bg4 Nb8 44. Kd5 Bb6 45. Bf5 Be3 46. g6 Bh6 47.
Bc3 Bf8 48. Be1 Kf6 49. Be4 Ke7 50. Bf2 Kd7 51. Bxa7 Kc7 52. Bxb8+ Kxb8 53. Ke6
Kc7 54. Kf7 Bh6 55. g7 Bxg7 56. Kxg7 Kb8 57. Kf7 Kc7 58. Ke7 d5 59. Bxd5 e4 60.
Bxe4 Kb8 61. Kd6 Ka7 62. Kc5 Ka6 1-0

[Event "DC International 2014"]
[Site "Arlington, VA"]
[Date "2014.06.29"]
[Round "8"]
[White "Hua, David"]
[Black "Wang, Qibiao"]
[Result "1/2-1/2"]
[WhiteElo "2272"]
[BlackElo "2164"]
[PlyCount "69"]
[EventDate "2014.06.??"]
[EventType "swiss"]
[EventRounds "9"]
[EventCountry "USA"]

1. Nf3 Nf6 2. c4 g6 3. g3 Bg7 4. Bg2 O-O 5. O-O d6 6. Nc3 Nc6 7. d3 a6 8. Rb1
Rb8 9. b4 b5 10. cxb5 axb5 11. Bd2 e5 12. Qc1 Nd4 13. Bg5 Ne6 14. Bh6 Bb7 15.
Bxg7 Kxg7 16. e3 Qd7 17. Qb2 h5 18. h4 Ng4 19. d4 Kg8 20. d5 Ng7 21. Rfd1 c6
22. Qb3 Kh8 23. Rd2 cxd5 24. Nxd5 Qf5 25. Rbd1 e4 26. Ng5 Rbe8 27. Nf4 d5 28.
Nxd5 f6 29. Nxe4 Rxe4 30. f3 Qe5 31. Nf4 Rxf4 32. exf4 Qe3+ 33. Qxe3 Nxe3 34.
Re1 Ngf5 35. Kf2 1/2-1/2

[Event "DC International 2014"]
[Site "Arlington, VA"]
[Date "2014.06.29"]
[Round "8"]
[White "Sapozhnikov, Roman"]
[Black "Banik, Siddharth"]
[Result "1/2-1/2"]
[WhiteElo "2298"]
[BlackElo "2036"]
[PlyCount "108"]
[EventDate "2014.06.??"]
[EventType "swiss"]
[EventRounds "9"]
[EventCountry "USA"]

1. d4 Nf6 2. c4 g6 3. Nc3 d5 4. Bg5 Ne4 5. Bh4 Nxc3 6. bxc3 dxc4 7. e3 Be6 8.
Qb1 b6 9. Nf3 Bg7 10. Be2 O-O 11. O-O c5 12. Rd1 Qc7 13. Bg3 Qc8 14. d5 Bg4 15.
Qe4 Re8 16. Qxc4 e5 17. e4 Qd8 18. Nd2 Bd7 19. Qb3 h5 20. f3 h4 21. Bf2 Bc8 22.
a4 Bh6 23. Nc4 Ba6 24. a5 b5 25. Ne3 c4 26. Qb2 Bf8 27. Nc2 h3 28. Nb4 Qd7 29.
Rab1 Bb7 30. Nc2 Ba6 31. Ne3 Bd6 32. Ng4 Qd8 33. Qd2 hxg2 34. Qh6 Bf8 35. Qh3
Bc8 36. Rxb5 Bxg4 37. Qxg4 Nd7 38. a6 Nf6 39. Qg5 Qd6 40. Bc5 Qxa6 41. Bxf8
Qxb5 42. Qxf6 Rxf8 43. Qxe5 Rac8 44. Qd4 a5 45. d6 Rfd8 46. Qf6 Rd7 47. e5 Re8
48. f4 Re6 49. Qg5 f5 50. Qxg2 g5 51. Qa8+ Kg7 52. Qc8 gxf4 53. Bxc4 Qa4 54.
Bb3 Rg6+ 1/2-1/2

[Event "DC International 2014"]
[Site "Arlington, VA"]
[Date "2014.06.29"]
[Round "8"]
[White "Wheeler, Cameron"]
[Black "Malhotra, Akshay"]
[Result "1-0"]
[WhiteElo "2242"]
[BlackElo "2001"]
[PlyCount "127"]
[EventDate "2014.06.??"]
[EventType "swiss"]
[EventRounds "9"]
[EventCountry "USA"]

1. c4 c6 2. Nf3 d5 3. g3 Bg4 4. Bg2 e6 5. O-O Nf6 6. Qb3 Qb6 7. d4 Nbd7 8. Nc3
Be7 9. Rd1 O-O 10. Bf4 Rfd8 11. Rac1 Rac8 12. Qxb6 axb6 13. Ne5 Nxe5 14. dxe5
Nd7 15. h3 Bh5 16. g4 Bg6 17. cxd5 exd5 18. e4 dxe4 19. Nxe4 Bxe4 20. Bxe4 g6
21. Bc2 Nc5 22. Be3 Rxd1+ 23. Rxd1 Rd8 24. Rxd8+ Bxd8 25. f4 Bc7 26. Kf2 g5 27.
fxg5 Bxe5 28. b3 Ne6 29. Bf5 b5 30. Kf3 Nd4+ 31. Ke4 Nxf5 32. gxf5 f6 33. Bf2
Bc3 34. h4 Kf7 35. Kf4 fxg5+ 36. hxg5 Bd2+ 37. Kg4 Bb4 38. Kh5 Bf8 39. a4 bxa4
40. bxa4 Bb4 41. Be3 Bf8 42. Kg4 Bb4 43. Kh5 Bf8 44. Bd4 c5 45. Bc3 c4 46. Kg4
Ba3 47. Kh5 Bf8 48. Bb2 Bb4 49. Bc1 Bf8 50. Kg4 c3 51. Kf3 Bg7 52. Ke4 Bh8 53.
Kd5 b6 54. Kc4 Be5 55. Be3 c2 56. Kd3 Bg7 57. Kxc2 h6 58. gxh6 Bxh6 59. Bxh6
Kf6 60. Kd3 Kxf5 61. Kc4 Ke6 62. Kb5 Kd7 63. Kxb6 Kc8 64. Bf4 1-0

[Event "DC International 2014"]
[Site "Arlington, VA"]
[Date "2014.06.29"]
[Round "8"]
[White "Gautam, Yogesh"]
[Black "Ivanov, Mike"]
[Result "1-0"]
[WhiteElo "2101"]
[BlackElo "2137"]
[PlyCount "144"]
[EventDate "2014.06.??"]
[EventType "swiss"]
[EventRounds "9"]
[EventCountry "USA"]

1. e4 e6 2. d4 d5 3. Nd2 Nc6 4. Ngf3 Nf6 5. e5 Nd7 6. Bd3 f6 7. Ng5 Ndxe5 8.
dxe5 fxg5 9. Qh5+ Kd7 10. Nf3 Be7 11. c4 Qe8 12. Qh3 Nb4 13. Nxg5 Bxg5 14. Bxg5
Nxd3+ 15. Qxd3 Qg6 16. Qxg6 hxg6 17. cxd5 exd5 18. O-O-O Ke6 19. f4 c5 20. h4
d4 21. g4 Kd5 22. Rhg1 Bd7 23. Rdf1 Raf8 24. Re1 Be6 25. h5 gxh5 26. f5 Bc8 27.
e6 hxg4 28. e7 Re8 29. Ref1 Rh5 30. Rxg4 Bd7 31. Rgg1 b5 32. f6 gxf6 33. Bxf6
a5 34. Rg5+ Rxg5 35. Bxg5 Rg8 36. Bd2 Re8 37. Bg5 a4 38. Rf8 a3 39. bxa3 c4 40.
Kc2 Kc5 41. Bh4 Bc6 42. Rf5+ Kd6 43. Rf6+ Kd5 44. Rf8 Ke5 45. Bf6+ Ke4 46. Bg5
Bd7 47. Kd2 Kd5 48. Kc2 Kc5 49. Bh4 b4 50. axb4+ Kxb4 51. Bf6 Kc5 52. Bg5 Ba4+
53. Kb2 Bd7 54. Bh4 c3+ 55. Kb3 Be6+ 56. Kc2 Kc4 57. Rf4 Ra8 58. a3 Bf7 59.
Rxf7 d3+ 60. Kd1 Rxa3 61. Ke1 d2+ 62. Ke2 Ra1 63. Rf4+ Kd5 64. Rf5+ Kd6 65.
e8=N+ Kc6 66. Rf6+ Kb7 67. Nd6+ Kb8 68. Rf8+ Kc7 69. Nb5+ Kb6 70. Nxc3 Rh1 71.
Bf2+ Kc6 72. Kxd2 Rh2 1-0

[Event "DC International 2014"]
[Site "Arlington, VA"]
[Date "2014.06.29"]
[Round "8"]
[White "Leon, Isaac"]
[Black "Sinha, Sahil"]
[Result "1-0"]
[WhiteElo "2127"]
[BlackElo "1959"]
[PlyCount "159"]
[EventDate "2014.06.??"]
[EventType "swiss"]
[EventRounds "9"]
[EventCountry "USA"]

1. d4 Nf6 2. c4 e6 3. Nc3 Bb4 4. e3 O-O 5. Nge2 d5 6. cxd5 exd5 7. g3 c6 8. Qc2
Ne4 9. Bg2 f5 10. O-O Qe7 11. f3 Nxc3 12. bxc3 Bd6 13. e4 fxe4 14. fxe4 Rxf1+
15. Kxf1 dxe4 16. Bxe4 g6 17. Kg2 Kg7 18. Nf4 Nd7 19. Bd2 Nf6 20. Bd3 Qf7 21.
Qb3 Qxb3 22. axb3 Bd7 23. c4 a6 24. Re1 Re8 25. Rxe8 Nxe8 26. h3 b5 27. g4 Kf7
28. Kf3 Ng7 29. Be4 Ne8 30. Nd3 Nf6 31. Bf4 Nxe4 32. Kxe4 Bxf4 33. Kxf4 bxc4
34. Ne5+ Ke6 35. Nxc4 Kf6 36. g5+ Ke6 37. Ne5 Be8 38. Ke4 Kd6 39. b4 Ke7 40.
Kf4 Kd6 41. Ke4 Ke7 42. Ng4 Bd7 43. Ke5 Be6 44. Nf2 Bd7 45. h4 Bf5 46. Nd1 Bd3
47. Ne3 Be2 48. Ng2 Bf1 49. Nf4 Bc4 50. Nh3 Be6 51. Nf2 Bf5 52. Nd1 Bd3 53. Nc3
Bc2 54. Ne2 Bd3 55. Nf4 Bc4 56. Ng2 Bf1 57. Ne1 Be2 58. Nc2 Bd3 59. Ne3 Be2 60.
Ng2 Bf1 61. Nf4 Bc4 62. h5 Bf7 63. h6 Bc4 64. Nxg6+ Kf7 65. Nf4 Bf1 66. Kd6 Bb5
67. Kc7 Kg8 68. Kb7 Kf7 69. Kb6 Kg8 70. g6 hxg6 71. Nxg6 Kh7 72. Ne5 Kxh6 73.
Nxc6 Kg6 74. d5 Kf6 75. d6 Ke6 76. Kc7 Bxc6 77. Kxc6 a5 78. bxa5 Kf7 79. d7 Ke7
80. Kc7 1-0

[Event "DC International 2014"]
[Site "Arlington, VA"]
[Date "2014.06.29"]
[Round "8"]
[White "Nguyen, Tan"]
[Black "Ghatti, Sanjay"]
[Result "0-1"]
[WhiteElo "1870"]
[BlackElo "2038"]
[PlyCount "84"]
[EventDate "2014.06.??"]
[EventType "swiss"]
[EventRounds "9"]
[EventCountry "USA"]

1. d4 d5 2. c4 e6 3. e3 Nf6 4. Nf3 Be7 5. Nc3 O-O 6. Bd3 dxc4 7. Bxc4 b6 8. O-O
Bb7 9. b3 c5 10. Bb2 Nc6 11. Qe2 cxd4 12. exd4 Nxd4 13. Nxd4 Qxd4 14. Nd5 Qc5
15. b4 Qd6 16. Be5 Qd7 17. Bxf6 Bxd5 18. Bxd5 Bxf6 19. Bxa8 Bxa1 20. Rd1 Qe7
21. Bc6 Bf6 22. b5 Rd8 23. g3 g6 24. Kg2 Rd4 25. Rxd4 Bxd4 26. Qf3 Kg7 27. h3
e5 28. Qd5 Kf8 29. h4 h5 30. Kg1 Qa3 31. Kg2 Qb2 32. Qf3 f5 33. Bd7 Qxa2 34.
Bc6 Qb2 35. Kf1 Kg7 36. Kg2 e4 37. Qf4 e3 38. Qc7+ Kh6 39. Qf4+ Kh7 40. Qc7+
Bg7 41. Qf4 e2 42. Qe3 Qe5 0-1